Noem de top 10 grootste Nederlanders bekende genomineerde - Statistieken

Algemene statistieken
  • Deze quiz is 4 keer genomen
  • De gemiddelde score is 5 van 10
Antwoordstatistieken
Hint Antwoord % Correct
A F Anne Frank
75%
J C Johan Cruijff
75%
V v G Vincent van Gogh
75%
A v L Antoni van Leeuwenhoek
50%
M d R Michiel de Ruyter
50%
D E Desiderius Erasmus
25%
P F Pim Fortuyn
25%
R v R Rembrandt van Rijn
25%
W D Willem Drees
25%
W v O Willem van Oranje
25%
Geen overeenkomende quizzen gevonden
Scoreverdeling
Procent van Mensen met Elke Score
Percentiel versus Aantal Correcte Antwoorden
Uw Scoregeschiedenis
U heeft deze quiz nog niet genomen